header

Frances Tustin (Record no. 97996)

MARC details
000 -LEADER
fixed length control field 01368nam a2200373Ia 4500
100 1# - MAIN ENTRY--AUTHOR NAME
Personal name Spensley, Sheila,
245 10 - TITLE STATEMENT
Title Frances Tustin
260 ## - PUBLICATION, DISTRIBUTION, ETC. (IMPRINT)
Place of publication London ;
-- New York :
Name of publisher Routledge,
Year of publication 1995.
300 ## - PHYSICAL DESCRIPTION
Number of Pages xiii, 154 p. :
Other physical details ill.
490 1# - SERIES STATEMENT
Series statement The makers of modern psychotherapy
650 #0 - SUBJECT ADDED ENTRY--TOPICAL TERM
Topical Term Autism in children.
Topical Term Child analysis.
Topical Term Psychoanalysis
Topical Term Psychoses in children.
856 40 - ELECTRONIC LOCATION AND ACCESS
Uniform Resource Identifier http://site.ebrary.com/lib/rucke/Doc?id=10095785

No items available.

© 2026 Rongo University
Contact us: librarian | system librarian | Rongo university